Take shapes, lines and letters : (Record no. 5830)
[ view plain ]
| 000 -LEADER | |
|---|---|
| fixed length control field | 00826nam a22002177a 4500 |
| 001 - CONTROL NUMBER | |
| control field | 5830 |
| 003 - CONTROL NUMBER IDENTIFIER | |
| control field | FISKH |
| 005 - DATE AND TIME OF LATEST TRANSACTION | |
| control field | 20250124091838.0 |
| 008 - FIXED-LENGTH DATA ELEMENTS--GENERAL INFORMATION | |
| fixed length control field | 250123b cb ||||| |||| 00| 0 eng d |
| 040 ## - CATALOGING SOURCE | |
| Original cataloging agency | FISKH |
| Language of cataloging | eng |
| Transcribing agency | FISKH |
| Modifying agency | FISKH |
| 050 ## - LIBRARY OF CONGRESS CALL NUMBER | |
| Classification number | PZ10.B2952 |
| 082 ## - DEWEY DECIMAL CLASSIFICATION NUMBER | |
| Classification number | 513 |
| 100 ## - MAIN ENTRY--PERSONAL NAME | |
| Personal name | Bendick, Jeanne |
| 245 ## - TITLE STATEMENT | |
| Title | Take shapes, lines and letters : |
| Remainder of title | New horrizons in Mathematics / |
| Statement of responsibility, etc. | By Jeanne Bendick and Marcia Levin |
| 260 ## - PUBLICATION, DISTRIBUTION, ETC. | |
| Place of publication, distribution, etc. | New York : |
| Name of publisher, distributor, etc. | A Whittlesey House , |
| Date of publication, distribution, etc. | 1962. |
| 300 ## - PHYSICAL DESCRIPTION | |
| Extent | 79 pages : |
| Other physical details | illustrations ; |
| Dimensions | 26 cm . |
| 520 ## - SUMMARY, ETC. | |
| Summary, etc. | An introduction to some of the basic concepts in geometry and where they are met in everyday life, including sections on mathematics in art or music, and the use of letters and charts in mathematics |
| 650 ## - SUBJECT ADDED ENTRY--TOPICAL TERM | |
| Topical term or geographic name entry element | geometry |
| Form subdivision | non-fiction |
| 942 ## - ADDED ENTRY ELEMENTS (KOHA) | |
| Source of classification or shelving scheme | Dewey Decimal Classification |
| Koha item type | Books |
| Suppress in OPAC | No |
| Withdrawn status | Lost status | Source of classification or shelving scheme | Damaged status | Not for loan | Collection | Home library | Current library | Shelving location | Date acquired | Total Checkouts | Full call number | Barcode | Date last seen | Price effective from | Koha item type |
|---|---|---|---|---|---|---|---|---|---|---|---|---|---|---|---|
| Dewey Decimal Classification | Non-Fiction | Footprints International School Library Network Toul Kork Campus | Footprints International School Library Network Toul Kork Campus | TTP Secondary Non-Fiction Bookshelves | 01/23/2025 | BEN 513 PZ10.B2952 | FIS01220 | 01/23/2025 | 01/23/2025 | Books |
